अज्ञाताच्या ज्ञानासाठी (Record no. 74947)
[ view plain ]
| 000 -LEADER | |
|---|---|
| fixed length control field | 00702nam a2200193Ia 4500 |
| 008 - FIXED-LENGTH DATA ELEMENTS--GENERAL INFORMATION | |
| fixed length control field | 090123s9999 xx 000 0 und d |
| 082 ## - DEWEY DECIMAL CLASSIFICATION NUMBER | |
| Item number | 36879 |
| 100 ## - MAIN ENTRY--PERSONAL NAME | |
| Personal name | झकारीया रफीक |
| 245 ## - TITLE STATEMENT | |
| Title | अज्ञाताच्या ज्ञानासाठी |
| 250 ## - EDITION STATEMENT | |
| Edition statement | 1 |
| 260 ## - PUBLICATION, DISTRIBUTION, ETC. (IMPRINT) | |
| Name of publisher, distributor, etc | पॉप्युलर प्रकाशन |
| Date of publication, distribution, etc | 2004 |
| 300 ## - PHYSICAL DESCRIPTION | |
| Extent | 330 |
| 600 ## - SUBJECT ADDED ENTRY--PERSONAL NAME | |
| Personal name | झकारीया रफीक |
| 630 ## - SUBJECT ADDED ENTRY--UNIFORM TITLE | |
| Uniform title | अज्ञाताच्या ज्ञानासाठी |
| 700 ## - ADDED ENTRY--PERSONAL NAME | |
| Personal name | झकारीया रफीक |
| 700 ## - ADDED ENTRY--PERSONAL NAME | |
| Personal name | गोखले करुणा |
| 730 ## - ADDED ENTRY--UNIFORM TITLE | |
| Uniform title | अज्ञाताच्या ज्ञानासाठी |
| 942 ## - ADDED ENTRY ELEMENTS (KOHA) | |
| Koha item type | Book |
| Withdrawn status | Lost status | Damaged status | Not for loan | Home library | Current library | Date acquired | Cost, normal purchase price | Total Checkouts | Full call number | Barcode | Date last seen | Cost, replacement price | Price effective from | Koha item type |
|---|---|---|---|---|---|---|---|---|---|---|---|---|---|---|
| Jawahar Wachalanalaya, Kalwa | Jawahar Wachalanalaya, Kalwa | 08/05/2004 | 400.00 | 36879 | KLW-36879 | 01/23/2009 | 400.00 | 01/23/2009 | Book |